Outline of Indian constitutional history (Record no. 423194)

000 -LEADER
fixed length control field 00362cam a22001217a 4500
008 - FIXED-LENGTH DATA ELEMENTS--GENERAL INFORMATION
fixed length control field 180718b1926 xxu||||| |||| 00| 0 eng d
082 ## - DEWEY DECIMAL CLASSIFICATION NUMBER
Classification number Cox54 Ar22
100 ## - MAIN ENTRY--PERSONAL NAME
Personal name Archbold, W. A. J.
245 ## - TITLE STATEMENT
Title Outline of Indian constitutional history
Statement of responsibility, etc. by W. A. J. Archbold,
260 ## - PUBLICATION, DISTRIBUTION, ETC.
Place of publication, distribution, etc. London
Name of publisher, distributor, etc. Curzon Press
Date of publication, distribution, etc. 1926
300 ## - PHYSICAL DESCRIPTION
Extent 367p
650 ## - SUBJECT ADDED ENTRY--TOPICAL TERM
Topical term or geographic name entry element Constitutional history --India
Holdings
Withdrawn status Lost status Damaged status Not for loan Permanent Location Current Location Date acquired Full call number Barcode Date last seen Price effective from Koha item type
        Indian Institute of Public Administration Indian Institute of Public Administration 2009-09-01 Cox54 Ar22 49370 2018-07-21 2018-07-21 Book

Powered by Koha